| 000 | 00358nam a2200145Ia 4500 | ||
|---|---|---|---|
| 008 | 230917s9999||||xx |||||||||||||| ||und|| | ||
| 040 |
_e202333 _aMAIN |
||
| 041 | _aEnglish | ||
| 082 | _a005.74 G959D | ||
| 100 | _aGupta, G K | ||
| 245 | 0 | _aDatabase managment systoms | |
| 260 |
_aNew Delhi _bTata McGraw-Hill _c2012 |
||
| 300 | _axx, 780 p. | ||
| 942 | _cBK | ||
| 999 |
_c171654 _d171654 |
||